| 000 | 00453nam a22001697a 4500 | ||
|---|---|---|---|
| 005 | 20260424114118.0 | ||
| 008 | 260424b |||||||| |||| 00| 0 eng d | ||
| 020 | _qhbk | ||
| 082 | _a348.7346 UNI.165 | ||
| 245 | _aUnited states supreme court reports 165 | ||
| 250 | _aLawyers | ||
| 260 |
_acolorado springs: _bLexis Nexis, _c2005. |
||
| 300 |
_axlix,1113p. _c;24cm. |
||
| 490 | _vvol.547 u.s (part)and 548 U.S | ||
| 650 | _aLaw | ||
| 942 | _cENGLISH | ||
| 999 |
_c619697 _d619697 |
||